header

Oracle WebLogic server 12c (Record no. 87955)

MARC details
000 -LEADER
fixed length control field 01382nam a2200337 a 4500
100 1# - MAIN ENTRY--AUTHOR NAME
Personal name Schildmeijer, Michel.
245 10 - TITLE STATEMENT
Title Oracle WebLogic server 12c
260 ## - PUBLICATION, DISTRIBUTION, ETC. (IMPRINT)
Place of publication Birmingham, U.K. :
Name of publisher Packt Pub.,
Year of publication 2012.
300 ## - PHYSICAL DESCRIPTION
Number of Pages iv, 125 p. :
Other physical details col. ill.
500 ## - GENERAL NOTE
General note Includes index.
650 #0 - SUBJECT ADDED ENTRY--TOPICAL TERM
Topical Term Web servers.
Topical Term Web site development.
Topical Term Application software
Topical Term Client/server computing.
Topical Term Java (Computer program language)
856 40 - ELECTRONIC LOCATION AND ACCESS
Uniform Resource Identifier http://site.ebrary.com/lib/rucke/Doc?id=10576342

No items available.

© 2026 Rongo University
Contact us: librarian | system librarian | Rongo university